000 00338 a2200145 4500
001 49463
040 _cAnchieta - Bela Vista
100 _aBrasileiro, Jonar
240 1 0 _aA história da minha geografia
_lpor
245 1 0 _aA história da minha geografia
300 _a48
362 0 _a2001
650 4 _aLiteratura juvenil
942 _cBK
999 _c49463
_d49463